[Event "FRA-chT2 0910"]
[Site "France"]
[Date "2009.11.22"]
[Round "4.7"]
[White "Janus, Gregory"]
[Black "Culcer, Ioana"]
[Result "1-0"]
[WhiteElo "1520"]
[BlackElo "1460"]
[PlyCount "100"]
[EventDate "2009.09.27"]
[EventType "team-tourn"]
[EventRounds "11"]
[EventCountry "FRA"]
[SourceTitle "EXT 2011"]
[Source "ChessBase"]
[SourceDate "2010.11.26"]
[SourceVersion "1"]
[SourceVersionDate "2010.11.26"]
[SourceQuality "1"]

1. d4 c5 2. dxc5 e6 3. c4 Bxc5 4. Nc3 Nf6 5. e3 0-0 6. Nf3 d6 7. Qc2 h6 8. Bd2 Bd7 9. h3 Nc6 10. a3 Qc7 11. b4 Bb6 12. Nb5 Qb8 13. Be2 a6 14. Nc3 Bc7 15. 0-0 Ne7 16. Rad1 b5 17. Bc1 Rd8 18. cxb5 axb5 19. Nd4 d5 20. Ndxb5 Bxb5 21. Nxb5 Bh2+ 22. Kh1 Ne4 23. Nd4 Rc8 24. Qb2 Be5 25. Qb1 Nc3 26. Qd3 Nxd1 27. Rxd1 Rc4 28. Nf3 Qc7 29. Qd2 Bc3 30. Qd3 Rc8 31. Qb1 Rc6 32. b5 Rb6 33. a4 Nc6 34. Bb2 Bxb2 35. Qxb2 Na5 36. Qd2 Nb3 37. Qb2 Nc5 38. a5 Rbb8 39. b6 Ne4 40. Kg1 Nc3 41. Ra1 Nxe2+ 42. Qxe2 Qc3 43. Rb1 Rc5 44. a6 Rxb6 45. Rxb6 Qa1+ 46. Kh2 Rc7 47. Rb7 Rc8 48. a7 Ra8 49. Rb8+ Rxb8 50. axb8Q+ Kh7 1-0